Normal view MARC view

Entry Personal Name

Number of records used in: 1

001 - CONTROL NUMBER

  • control field: 33312

003 - CONTROL NUMBER IDENTIFIER

  • control field: OSt

005 - DATE AND TIME OF LATEST TRANSACTION

  • control field: 20220919162309.0

008 - FIXED-LENGTH DATA ELEMENTS

  • fixed length control field: 220919|| aca||aabn | a|a d

040 ## - CATALOGING SOURCE

  • Original cataloging agency: OSt
  • Transcribing agency: OSt

100 ## - HEADING--PERSONAL NAME

  • Personal name: Cheema, J.S.

670 ## - SOURCE DATA FOUND

  • Source citation: Work cat.: (OSt)519964: Cheema, J.S. , India’s politico-military strategy for the 1971 India–Pakistan war

Powered by Koha